Role zahraničních bank z pohledu studií mezinárodní a přeshraniční aktivity bankovních skupin působících v ČR
Cezhraničné aktivity bankových skupín v ČR. Podnikanie bánk v zahraničí. Liberalizačný proces, ktorého cieľom býva podporiť konkurenčné prostredie, pritiahnuť znalostný kapitál, či rekapitalizovať problematický sektor. Dopady vstupu zahraničných bánk na trh. Zahraničné banky a úverovanie malého a st...
Gespeichert in:
| 1. Verfasser: | |
|---|---|
| Format: | Buchkapitel |
| Sprache: | Tschechisch |
| Schlagworte: | |
| Tags: |
Keine Tags, Fügen Sie das erste Tag hinzu!
|
MARC
| LEADER | 00000naa$a2200000$$$4500 | ||
|---|---|---|---|
| 001 | 0024620 | ||
| 005 | 20231010083423.7 | ||
| 041 | 0 | |a cze | |
| 044 | |a CZ | ||
| 245 | 1 | 0 | |a Role zahraničních bank z pohledu studií |b mezinárodní a přeshraniční aktivity bankovních skupin působících v ČR |c Karel Machala |
| 520 | |a Cezhraničné aktivity bankových skupín v ČR. Podnikanie bánk v zahraničí. Liberalizačný proces, ktorého cieľom býva podporiť konkurenčné prostredie, pritiahnuť znalostný kapitál, či rekapitalizovať problematický sektor. Dopady vstupu zahraničných bánk na trh. Zahraničné banky a úverovanie malého a stredného podnikania. Zahraničné banky v strednej Európe. | ||
| 610 | 2 | 0 | |a banky zahraničné |
| 610 | 2 | 0 | |a SVE |
| 610 | 2 | 0 | |a banky |
| 610 | 2 | 0 | |a podnikanie v zahraničí |
| 610 | 2 | 0 | |a trh finančný |
| 610 | 2 | 0 | |a liberalizácia |
| 610 | 2 | 0 | |a banky obchodné |
| 610 | 2 | 0 | |a aktíva |
| 610 | 2 | 0 | |a úver bankový |
| 100 | 1 | |a Machala, Karel | |